[Event "Kreuzberg Open 2008"]
[Site "Berlin-Kreuzberg"]
[Date "2008.07.23"]
[Round "5.9"]
[White "Zur, Jan"]
[Black "Gebigke, Martin"]
[Result "0-1"]
[WhiteElo "1924"]
[BlackElo "2151"]
[PlyCount "104"]
[EventDate "2008.??.??"]
[WhiteTeam "TSG Oberschöneweide e.V."]
[BlackTeam "SV Berolina Mitte e.V."]

1. e4 c5 2. Nf3 d6 3. d4 cxd4 4. Nxd4 Nf6 5. Nc3 a6 6. Be2 e5 7. Nb3 Be7 8. Be3
Be6 9. Qd2 Nbd7 10. f3 O-O 11. g4 Rc8 12. h4 Nb6 13. g5 Nh5 14. Nd5 Nxd5 15.
exd5 Bf5 16. Bd3 Bxd3 17. Qxd3 Qc7 18. Rh2 g6 19. O-O-O f5 20. gxf6 Rxf6 21.
Bh6 Bf8 22. Bg5 Rf5 23. Nd2 b5 24. Ne4 Qc4 25. Qxc4 Rxc4 26. b3 Rc7 27. Rd3 Kf7
28. Rg2 Be7 29. Bxe7 Kxe7 30. Ng3 Nxg3 31. Rxg3 Kf6 32. Kd2 Rf4 33. Rh3 b4 34.
Rh2 Kf5 35. Ke3 Rc5 36. Rdd2 h6 37. Rd3 a5 38. Rdd2 Rc7 39. Rd3 Rc8 40. Rdd2
Rc5 41. Rd3 Rxf3+ 42. Kxf3 e4+ 43. Ke3 exd3 44. cxd3 Rxd5 45. Rf2+ Kg4 46. Rf6
g5 47. d4 gxh4 48. Ke4 Rg5 49. Rxd6 h5 50. Rc6 h3 51. d5 h2 52. Rc1 Kh3 0-1

[Event "Kreuzberg Open 2008"]
[Site "Berlin-Kreuzberg"]
[Date "2008.07.23"]
[Round "5.10"]
[White "Soost, Stefan"]
[Black "Jahnz, Fabian"]
[Result "0-1"]
[WhiteElo "1968"]
[BlackElo "2139"]
[PlyCount "112"]
[EventDate "2008.??.??"]
[WhiteTeam "SC Kreuzberg e.V."]
[BlackTeam "SK König Tegel 1949 e.V."]

1. e4 c5 2. Nf3 e6 3. d4 cxd4 4. Nxd4 Nc6 5. Nc3 Qc7 6. Be3 a6 7. Qd2 Nf6 8.
O-O-O Bb4 9. f3 Ne5 10. Kb1 b5 11. Bf4 O-O 12. Nb3 Be7 13. Qf2 d6 14. g4 Nfd7
15. g5 b4 16. Ne2 a5 17. Ned4 Ba6 18. Bxa6 Rxa6 19. h4 a4 20. Nc1 a3 21. b3 Qc3
22. Nd3 Nc5 23. Nb5 Ncxd3 24. cxd3 Nxd3 25. Qe2 Nxf4 26. Nxc3 Nxe2 27. Nxe2 Rc6
28. Rc1 Rfc8 29. Rxc6 Rxc6 30. Rc1 Rxc1+ 31. Kxc1 h6 32. f4 Kf8 33. Nd4 e5 34.
fxe5 dxe5 35. Nc6 hxg5 36. hxg5 Bxg5+ 37. Kc2 Be7 38. Nxe5 f6 39. Nc6 Kf7 40.
Kd3 Bd6 41. Ke3 Ke6 42. Kf3 g6 43. Ke2 Bc5 44. Kf3 Kd6 45. Na5 Bd4 46. Nc4+ Kc5
47. Kg4 Bc3 48. Kf3 Kd4 49. Kf4 Kd3 50. Kf3 Bd4 51. Kf4 Kc2 52. Kf3 Kb1 53. Ke2
Kxa2 54. Kd3 Kxb3 55. Nd2+ Ka4 56. Kxd4 a2 0-1

[Event "Kreuzberg Open 2008"]
[Site "Berlin-Kreuzberg"]
[Date "2008.07.23"]
[Round "5.11"]
[White "Behrmann, Joachim"]
[Black "Sebastian, Martin"]
[Result "1-0"]
[WhiteElo "2211"]
[BlackElo "2003"]
[PlyCount "57"]
[EventDate "2008.??.??"]
[WhiteTeam "SK Zehlendorf e.V."]
[BlackTeam "TSG Rot-Weiß Fredersdorf/Vogelsd"]

1. d4 g6 2. c4 c5 3. d5 d6 4. Nc3 Bg7 5. e4 Nf6 6. Bd3 O-O 7. h3 Na6 8. Nf3 Nc7
9. O-O a6 10. a4 Rb8 11. Re1 e5 12. dxe6 Nxe6 13. Bf1 Qc7 14. Be3 Bd7 15. Qd2
Rbd8 16. Nd5 Qb8 17. Bh6 Nxd5 18. exd5 Nc7 19. Bxg7 Kxg7 20. Re7 Ne8 21. Ng5
Bf5 22. g4 Bd7 23. Bd3 Qc8 24. f3 h5 25. Nxf7 Rxf7 26. Rxf7+ Kxf7 27. Qh6 Ng7
28. Bxg6+ Kf6 29. Bxh5+ 1-0

[Event "Kreuzberg Open 2008"]
[Site "Berlin-Kreuzberg"]
[Date "2008.07.23"]
[Round "5.9"]
[White "Zur, Jan"]
[Black "Gebigke, Martin"]
[Result "0-1"]
[WhiteElo "1924"]
[BlackElo "2151"]
[PlyCount "104"]
[EventDate "2008.??.??"]
[WhiteTeam "TSG Oberschöneweide e.V."]
[BlackTeam "SV Berolina Mitte e.V."]

1. e4 c5 2. Nf3 d6 3. d4 cxd4 4. Nxd4 Nf6 5. Nc3 a6 6. Be2 e5 7. Nb3 Be7 8. Be3
Be6 9. Qd2 Nbd7 10. f3 O-O 11. g4 Rc8 12. h4 Nb6 13. g5 Nh5 14. Nd5 Nxd5 15.
exd5 Bf5 16. Bd3 Bxd3 17. Qxd3 Qc7 18. Rh2 g6 19. O-O-O f5 20. gxf6 Rxf6 21.
Bh6 Bf8 22. Bg5 Rf5 23. Nd2 b5 24. Ne4 Qc4 25. Qxc4 Rxc4 26. b3 Rc7 27. Rd3 Kf7
28. Rg2 Be7 29. Bxe7 Kxe7 30. Ng3 Nxg3 31. Rxg3 Kf6 32. Kd2 Rf4 33. Rh3 b4 34.
Rh2 Kf5 35. Ke3 Rc5 36. Rdd2 h6 37. Rd3 a5 38. Rdd2 Rc7 39. Rd3 Rc8 40. Rdd2
Rc5 41. Rd3 Rxf3+ 42. Kxf3 e4+ 43. Ke3 exd3 44. cxd3 Rxd5 45. Rf2+ Kg4 46. Rf6
g5 47. d4 gxh4 48. Ke4 Rg5 49. Rxd6 h5 50. Rc6 h3 51. d5 h2 52. Rc1 Kg3 0-1

[Event "Kreuzberg Open 2008"]
[Site "Berlin-Kreuzberg"]
[Date "2008.07.24"]
[Round "6.1"]
[White "Kalinitschew, Sergey"]
[Black "Kiesekamp, Marcos"]
[Result "1-0"]
[WhiteElo "2456"]
[BlackElo "2316"]
[PlyCount "45"]
[EventDate "2008.??.??"]
[WhiteTeam "SC Kreuzberg e.V."]
[BlackTeam "TuS Makkabi Berlin e.V."]

1. d4 d5 2. c4 e6 3. Nc3 Nf6 4. cxd5 exd5 5. Bg5 Be7 6. e3 O-O 7. Bd3 Nbd7 8.
Qc2 Re8 9. Nf3 Nf8 10. O-O c6 11. Rab1 a5 12. Rbe1 g6 13. Ne5 Ne6 14. f4 Ng7
15. h3 Bf5 16. Bxf6 Bxf6 17. g4 Bxd3 18. Qxd3 Bxe5 19. fxe5 Qh4 20. e4 Rad8 21.
exd5 cxd5 22. Qf3 Ne6 23. Qxf7+ 1-0

[Event "Kreuzberg Open 2008"]
[Site "Berlin-Kreuzberg"]
[Date "2008.07.24"]
[Round "6.2"]
[White "Gebigke, Martin"]
[Black "Berger, Steve"]
[Result "0-1"]
[WhiteElo "2151"]
[BlackElo "2408"]
[PlyCount "86"]
[EventDate "2008.??.??"]
[WhiteTeam "SV Berolina Mitte e.V."]
[BlackTeam "SC Kreuzberg e.V."]

1. d4 e6 2. c4 Nf6 3. Nf3 b6 4. g3 Ba6 5. Qa4 Bb7 6. Bg2 c5 7. dxc5 bxc5 8. O-O
Be7 9. Nc3 O-O 10. Bf4 d6 11. Rfd1 Ne8 12. e4 Qb6 13. Qb5 Qxb5 14. cxb5 a6 15.
a4 Nd7 16. Bf1 e5 17. bxa6 Bxa6 18. Nd5 Bd8 19. Be3 Bxf1 20. Kxf1 Nc7 21. Nxc7
Bxc7 22. Nd2 Rfb8 23. b3 Ba5 24. Nc4 Bc3 25. Rab1 Bd4 26. Bxd4 cxd4 27. Nxd6
Nc5 28. Nb5 Nxe4 29. Rbc1 Ra6 30. Ke2 Rh6 31. Rh1 f5 32. Rc7 Rd8 33. h4 d3+ 34.
Ke3 Nf6 35. Nc3 Ng4+ 36. Kf3 g5 37. b4 e4+ 38. Kg2 d2 39. b5 f4 40. Rb1 f3+ 41.
Kf1 gxh4 42. gxh4 Kh8 43. b6 Rxb6 0-1

[Event "Kreuzberg Open 2008"]
[Site "Berlin-Kreuzberg"]
[Date "2008.07.24"]
[Round "6.3"]
[White "Shapiro, Yosip"]
[Black "Rabiega, Robert"]
[Result "0-1"]
[WhiteElo "2123"]
[BlackElo "2552"]
[PlyCount "46"]
[EventDate "2008.??.??"]
[WhiteTeam "Schwarz-Weiß Neukölln e.V."]
[BlackTeam "SK König Tegel 1949 e.V."]

1. e4 e5 2. Nf3 Nc6 3. Bb5 a6 4. Ba4 Nf6 5. O-O Be7 6. Re1 b5 7. Bb3 O-O 8. h3
Bb7 9. c3 d5 10. exd5 Nxd5 11. Nxe5 Nxe5 12. Rxe5 Nf4 13. d4 Nxg2 14. Bc2 Nh4
15. Be4 Bxe4 16. Rxe4 f5 17. Re5 Bf6 18. Rc5 Qe8 19. Qf1 Qg6+ 20. Kh1 Rae8 21.
Bd2 Qh5 22. Na3 Qf3+ 23. Kh2 Re2 0-1

[Event "Kreuzberg Open 2008"]
[Site "Berlin-Kreuzberg"]
[Date "2008.07.24"]
[Round "6.4"]
[White "Jahnz, Fabian"]
[Black "Zschäbitz, Klaus"]
[Result "1-0"]
[WhiteElo "2139"]
[BlackElo "2103"]
[PlyCount "125"]
[EventDate "2008.??.??"]
[WhiteTeam "SK König Tegel 1949 e.V."]
[BlackTeam "BSG 1827 Eckbauer e.V."]

1. e4 e6 2. d4 d5 3. Nc3 Bb4 4. exd5 exd5 5. Bd3 c6 6. Nge2 Ne7 7. Ng3 Nd7 8.
O-O O-O 9. Nce2 Nf6 10. Bg5 Ng6 11. f4 Be7 12. f5 Ng4 13. Bd2 Nh4 14. h3 Nf6
15. Bg5 Ne4 16. Bxh4 Bxh4 17. Nxe4 dxe4 18. Bxe4 Re8 19. Qd3 Qb6 20. b3 Bf6 21.
Rad1 c5 22. c3 Bd7 23. Kh1 cxd4 24. Nxd4 Rad8 25. Qf3 Bc8 26. Nc2 Qa5 27. Nb4
Qe5 28. Nd5 Bg5 29. Rd4 Rd6 30. Rfd1 Rh6 31. Bc2 Rh4 32. Rxh4 Bxh4 33. Qe4 Bd8
34. Qf3 b6 35. Rd4 Qe1+ 36. Kh2 Bb7 37. Re4 Bc7+ 38. g3 Qd2+ 39. Qg2 Qxg2+ 40.
Kxg2 Rxe4 41. Bxe4 Be5 42. c4 Ba6 43. Kf3 Kf8 44. Nb4 Bc8 45. Nc6 Bb2 46. Nxa7
Bd7 47. g4 Ke7 48. Bc6 Bxc6+ 49. Nxc6+ Kd6 50. Nb4 Bd4 51. Ke4 Bf6 52. Nd5 Bd8
53. b4 Kc6 54. a4 Bh4 55. Nf4 Be7 56. Nd3 Kc7 57. Kd5 g6 58. fxg6 fxg6 59. Ke6
Bh4 60. Kf7 Kd6 61. Kg7 Ke6 62. Kxh7 Kf7 63. Ne5+ 1-0

[Event "Kreuzberg Open 2008"]
[Site "Berlin-Kreuzberg"]
[Date "2008.07.24"]
[Round "6.5"]
[White "Schmidt-Schäffer, Sebastian"]
[Black "Jaeger, Andre"]
[Result "1-0"]
[WhiteElo "2391"]
[BlackElo "2019"]
[PlyCount "73"]
[EventDate "2008.??.??"]
[WhiteTeam "SC Kreuzberg e.V."]
[BlackTeam "SC Rochade e.V."]

1. f4 d5 2. Nf3 Bg4 3. e3 Nd7 4. d4 e6 5. Nbd2 Ngf6 6. h3 Bh5 7. Be2 c5 8. O-O
Bd6 9. Ne5 Bxe2 10. Qxe2 cxd4 11. exd4 Qb6 12. c3 O-O 13. g4 Qc7 14. g5 Ne8 15.
Ndf3 g6 16. Nh2 Bxe5 17. fxe5 Ng7 18. Ng4 Nf5 19. Rf3 Rfc8 20. h4 Nf8 21. h5
Kg7 22. Bf4 Qc4 23. Qh2 a5 24. b3 Nxd4 25. Re3 Nxb3 26. axb3 Qxb3 27. Rf3 Rxc3
28. Be3 Qc2 29. Qf4 Qf5 30. Qg3 Qe4 31. Raf1 Rc7 32. Rf4 Qd3 33. Qf2 f5 34.
exf6+ Kh8 35. Bd4 h6 36. f7+ Kh7 37. Nf6+ 1-0

[Event "Kreuzberg Open 2008"]
[Site "Berlin-Kreuzberg"]
[Date "2008.07.24"]
[Round "6.6"]
[White "Kohler, Thomas"]
[Black "Welz, Peter"]
[Result "1/2-1/2"]
[WhiteElo "2276"]
[BlackElo "2169"]
[PlyCount "61"]
[EventDate "2008.??.??"]
[WhiteTeam "SC Zitadelle Spandau 1977 e.V."]
[BlackTeam "SV Empor Berlin e.V."]

1. Nf3 f5 2. d3 d6 3. g3 Nf6 4. Bg2 g6 5. O-O Bg7 6. c4 e5 7. Nc3 O-O 8. Rb1 a5
9. a3 Nc6 10. b4 axb4 11. axb4 h6 12. b5 Ne7 13. Bb2 g5 14. Ra1 Rxa1 15. Qxa1
Qe8 16. c5 Qh5 17. cxd6 cxd6 18. Qa3 e4 19. dxe4 fxe4 20. Nd2 e3 21. fxe3 Ng4
22. Rxf8+ Kxf8 23. Nf1 Qf7 24. Nd1 Bxb2 25. Qxb2 Be6 26. Qh8+ Ng8 27. Qd4 Qd7
28. Nc3 Ne7 29. Qa7 Qc7 30. Qd4 Ne5 31. e4 1/2-1/2

[Event "Kreuzberg Open 2008"]
[Site "Berlin-Kreuzberg"]
[Date "2008.07.24"]
[Round "6.7"]
[White "Bartolomäus, Christian"]
[Black "Pfeffer, Ruprecht"]
[Result "1/2-1/2"]
[WhiteElo "2221"]
[BlackElo "2155"]
[PlyCount "35"]
[EventDate "2008.??.??"]
[WhiteTeam "Greifswalder SV"]
[BlackTeam "SC Weisse Dame e.V."]

1. e4 c5 2. Nf3 e6 3. d4 cxd4 4. Nxd4 a6 5. Bd3 Qc7 6. O-O Nf6 7. Qe2 d6 8. c4
Be7 9. Nc3 O-O 10. Kh1 b6 11. f4 Bb7 12. b3 Nbd7 13. Bb2 g6 14. Rae1 e5 15. Nc2
Nh5 16. Nd5 Bxd5 17. exd5 Bf6 18. fxe5 1/2-1/2

[Event "Kreuzberg Open 2008"]
[Site "Berlin-Kreuzberg"]
[Date "2008.07.24"]
[Round "6.8"]
[White "Förster, Jonas"]
[Black "Behrmann, Joachim"]
[Result "1/2-1/2"]
[WhiteElo "2150"]
[BlackElo "2211"]
[PlyCount "36"]
[EventDate "2008.??.??"]
[WhiteTeam "SSC Rostock 07"]
[BlackTeam "SK Zehlendorf e.V."]

1. d4 d5 2. c4 e6 3. Nc3 Nf6 4. Nf3 Nbd7 5. cxd5 exd5 6. Bg5 Be7 7. Qc2 O-O 8.
e3 Re8 9. Bd3 Nf8 10. O-O c6 11. Rab1 a5 12. a3 Bd6 13. b4 axb4 14. axb4 Ng6
15. e4 dxe4 16. Nxe4 Be7 17. Rfe1 Be6 18. Nc5 Bd5 1/2-1/2

[Event "Kreuzberg Open 2008"]
[Site "Berlin-Kreuzberg"]
[Date "2008.07.24"]
[Round "6.9"]
[White "Albrecht, Rainer"]
[Black "Hahlbohm, Matthias"]
[Result "1/2-1/2"]
[WhiteElo "2184"]
[BlackElo "2085"]
[PlyCount "30"]
[EventDate "2008.??.??"]
[WhiteTeam "SC Kreuzberg e.V."]
[BlackTeam "TSG Oberschöneweide e.V."]

1. d4 d5 2. c4 c6 3. Nc3 e6 4. e3 Nd7 5. Bd3 f5 6. g4 fxg4 7. Qxg4 Ndf6 8. Qg2
Nh6 9. Bd2 Nf7 10. f4 Bd7 11. Nf3 Qe7 12. O-O-O O-O-O 13. Kb1 Kb8 14. Rc1 Nd6
15. c5 Nf7 1/2-1/2

[Event "Kreuzberg Open 2008"]
[Site "Berlin-Kreuzberg"]
[Date "2008.07.24"]
[Round "6.10"]
[White "Bukowski, Henryk"]
[Black "Krausser, Helmut"]
[Result "1/2-1/2"]
[WhiteElo "2175"]
[BlackElo "2122"]
[PlyCount "35"]
[EventDate "2008.??.??"]
[WhiteTeam "BSC Rehberge 1945 e.V."]
[BlackTeam "SC Unterpfaffenhofen"]

1. d4 Nf6 2. Nf3 e6 3. g3 c5 4. Bg2 Nc6 5. O-O d5 6. Bg5 Qb6 7. Bxf6 gxf6 8.
dxc5 Qxb2 9. Nbd2 Bxc5 10. c4 Nb4 11. a3 Nc2 12. Rc1 Bxf2+ 13. Rxf2 Ne3 14. Qe1
Nc2 15. Qd1 Ne3 16. Qe1 Nc2 17. Qd1 Ne3 18. Qe1 1/2-1/2

[Event "Kreuzberg Open 2008"]
[Site "Berlin-Kreuzberg"]
[Date "2008.07.24"]
[Round "6.11"]
[White "Sechting, Martin"]
[Black "Lüders, Gerhard"]
[Result "0-1"]
[WhiteElo "2100"]
[BlackElo "2237"]
[PlyCount "80"]
[EventDate "2008.??.??"]
[WhiteTeam "Hamburger SK von 1830 eV"]
[BlackTeam "BSC Rehberge 1945 e.V."]

1. d4 Nf6 2. c4 e6 3. Nf3 b6 4. g3 Bb7 5. Bg2 Bb4+ 6. Bd2 a5 7. O-O O-O 8. a3
Be7 9. Nc3 Ne4 10. Ne5 Nxd2 11. Bxb7 Ra7 12. Qxd2 Rxb7 13. d5 Qc8 14. Rfd1 d6
15. Nf3 e5 16. b4 Ra7 17. Nb5 Ra8 18. c5 bxc5 19. bxc5 Nd7 20. cxd6 cxd6 21.
Rac1 Nc5 22. Nxe5 Qb7 23. Nc6 Nb3 24. Qe3 Qxb5 25. Nxe7+ Kh8 26. Rc3 a4 27. Nf5
Qd7 28. Qf4 Rae8 29. Rc6 Re5 30. e4 f6 31. Rxd6 Qb5 32. Qg4 g6 33. Nd4 Nxd4 34.
Rxd4 Qc5 35. Rxa4 Qxd6 36. f4 Qc5+ 37. Kg2 Qc2+ 38. Kg1 Rh5 39. Rd4 Qxh2+ 40.
Kf1 Qb2 0-1

[Event "Kreuzberg Open 2008"]
[Site "Berlin-Kreuzberg"]
[Date "2008.07.25"]
[Round "7.2"]
[White "Kiesekamp, Marcos"]
[Black "Berger, Steve"]
[Result "1/2-1/2"]
[WhiteElo "2316"]
[BlackElo "2408"]
[PlyCount "28"]
[EventDate "2008.??.??"]
[WhiteTeam "TuS Makkabi Berlin e.V."]
[BlackTeam "SC Kreuzberg e.V."]

1. e4 e6 2. d4 d5 3. Nd2 Be7 4. Bd3 c5 5. dxc5 Nf6 6. Qe2 O-O 7. Ngf3 a5 8. O-O
Na6 9. exd5 exd5 10. Rd1 Re8 11. Bb5 Bd7 12. Nf1 Bxc5 13. Be3 Bc6 14. Nd4 Qb6
1/2-1/2

[Event "Kreuzberg Open 2008"]
[Site "Berlin-Kreuzberg"]
[Date "2008.07.25"]
[Round "7.3"]
[White "Schmidt-Schäffer, Sebastian"]
[Black "Jahnz, Fabian"]
[Result "1/2-1/2"]
[WhiteElo "2391"]
[BlackElo "2139"]
[PlyCount "59"]
[EventDate "2008.??.??"]
[WhiteTeam "SC Kreuzberg e.V."]
[BlackTeam "SK König Tegel 1949 e.V."]

1. f4 d5 2. Nf3 Nf6 3. e3 g6 4. Be2 Bg7 5. O-O O-O 6. d4 c5 7. Ne5 b6 8. c4
cxd4 9. exd4 Bb7 10. b3 Ne4 11. Be3 Nd7 12. Bf3 f6 13. Nxd7 Qxd7 14. Bxe4 dxe4
15. Nc3 f5 16. Qd2 Rfd8 17. Rfd1 e6 18. a4 Bf6 19. a5 Bc6 20. Rac1 Qg7 21. b4
Rac8 22. b5 Be8 23. Ne2 Rc7 24. Qa2 Rd6 25. axb6 axb6 26. Qa8 Qd7 27. Rd2 Ra7
28. Qb8 Rb7 29. Qa8 Ra7 30. Qb8 1/2-1/2

[Event "Kreuzberg Open 2008"]
[Site "Berlin-Kreuzberg"]
[Date "2008.07.25"]
[Round "7.4"]
[White "Gebigke, Martin"]
[Black "Kohler, Thomas"]
[Result "1/2-1/2"]
[WhiteElo "2151"]
[BlackElo "2276"]
[PlyCount "70"]
[EventDate "2008.??.??"]
[WhiteTeam "SV Berolina Mitte e.V."]
[BlackTeam "SC Zitadelle Spandau 1977 e.V."]

1. d4 Nf6 2. c4 g6 3. Nc3 Bg7 4. e4 d6 5. Nf3 O-O 6. Be2 e5 7. O-O c6 8. dxe5
dxe5 9. Be3 Nbd7 10. h3 Qe7 11. Qa4 Nh5 12. Rfe1 Nf4 13. Bf1 Qf6 14. Nd2 Rd8
15. Rad1 Nf8 16. Nb3 Re8 17. Kh2 Nd7 18. Na5 Ne6 19. Ne2 Nec5 20. Qc2 b6 21.
Nb3 Nxb3 22. Qxb3 Bf8 23. Rd2 Nc5 24. Qc2 Ne6 25. a3 Bb7 26. Rd7 Re7 27. Rdd1
Rc7 28. Qc1 Rd8 29. Rxd8 Qxd8 30. Rd1 Rd7 31. Rxd7 Qxd7 32. Qd2 Qxd2 33. Bxd2
Ba6 34. Nc1 Bc5 35. Kg3 Be7 1/2-1/2

[Event "Kreuzberg Open 2008"]
[Site "Berlin-Kreuzberg"]
[Date "2008.07.25"]
[Round "7.5"]
[White "Lüders, Gerhard"]
[Black "Förster, Jonas"]
[Result "1-0"]
[WhiteElo "2237"]
[BlackElo "2150"]
[PlyCount "61"]
[EventDate "2008.??.??"]
[WhiteTeam "BSC Rehberge 1945 e.V."]
[BlackTeam "SSC Rostock 07"]

1. Nf3 Nf6 2. b3 c5 3. Bb2 e6 4. c4 Be7 5. g3 b5 6. cxb5 a6 7. bxa6 Nxa6 8. Bg2
Bb7 9. O-O O-O 10. Nc3 Qa5 11. d3 Rab8 12. Qd2 Nb4 13. a3 Nc6 14. Rfb1 Qa8 15.
Ne4 Nxe4 16. dxe4 d6 17. b4 Na7 18. bxc5 dxc5 19. Be5 Rbd8 20. Qc3 Bxe4 21.
Bxg7 Bxb1 22. Rxb1 Rfe8 23. Ng5 Nc6 24. Bh6 Bf8 25. Qf6 Rd7 26. Bxf8 Rxf8 27.
Be4 Rc8 28. Nxh7 Rd5 29. Qh6 f5 30. Qg6+ Kh8 31. Nf6 1-0

[Event "Kreuzberg Open 2008"]
[Site "Berlin-Kreuzberg"]
[Date "2008.07.25"]
[Round "7.6"]
[White "Shapiro, Yosip"]
[Black "Bartolomäus, Christian"]
[Result "0-1"]
[WhiteElo "2123"]
[BlackElo "2221"]
[PlyCount "59"]
[EventDate "2008.??.??"]
[WhiteTeam "Schwarz-Weiß Neukölln e.V."]
[BlackTeam "Greifswalder SV"]

1. c4 Nf6 2. Nf3 e6 3. g3 d5 4. d4 dxc4 5. Bg2 c5 6. Qa4+ Nc6 7. Ne5 Bd7 8.
Nxd7 Qxd7 9. dxc5 Bxc5 10. Qxc4 Qd4 11. Qxd4 Nxd4 12. Kd1 O-O-O 13. Bd2 Ng4 14.
e3 Nxf2+ 15. Ke1 Nd3+ 16. Kd1 Nxb2+ 17. Ke1 Nd3+ 18. Kd1 Nf2+ 19. Ke1 Nxh1 20.
exd4 Bxd4 21. Bc3 Nf2 22. Ke2 Ng4 23. Bxd4 Rxd4 24. Nd2 Rhd8 25. Nb3 R4d6 26.
Rc1+ Kb8 27. Rc5 Rc8 28. h3 Rxc5 29. Nxc5 Nf6 30. Bxb7 0-1

[Event "Kreuzberg Open 2008"]
[Site "Berlin-Kreuzberg"]
[Date "2008.07.25"]
[Round "7.7"]
[White "Behrmann, Joachim"]
[Black "Solhjou, Mohammed"]
[Result "1-0"]
[WhiteElo "2211"]
[BlackElo "2030"]
[PlyCount "55"]
[EventDate "2008.??.??"]
[WhiteTeam "SK Zehlendorf e.V."]
[BlackTeam "Betriebsschach"]

1. d4 d5 2. c4 dxc4 3. e3 Nf6 4. Bxc4 e5 5. Qb3 Qe7 6. dxe5 Ng4 7. f4 Nc6 8.
Nc3 Nd8 9. Nf3 c6 10. a4 Be6 11. h3 Nh6 12. Bd2 Bxc4 13. Qxc4 Ne6 14. Ne4 O-O-O
15. O-O Nf5 16. Rfc1 Kb8 17. g4 Nh4 18. Nxh4 Qxh4 19. Kg2 Rxd2+ 20. Nxd2 Qd8
21. Ne4 Qb6 22. Kf3 h5 23. g5 g6 24. a5 Qxb2 25. Rab1 Qh2 26. Rh1 Nxg5+ 27.
Nxg5 Qd2 28. a6 1-0

[Event "Kreuzberg Open 2008"]
[Site "Berlin-Kreuzberg"]
[Date "2008.07.25"]
[Round "7.8"]
[White "Hahlbohm, Matthias"]
[Black "Niehaus, Frank"]
[Result "1/2-1/2"]
[WhiteElo "2085"]
[BlackElo "2185"]
[PlyCount "100"]
[EventDate "2008.??.??"]
[WhiteTeam "TSG Oberschöneweide e.V."]
[BlackTeam "Sfrd. Berlin 1903 e.V."]

1. e4 c5 2. Nf3 d6 3. d4 cxd4 4. Nxd4 Nf6 5. Nc3 g6 6. Bc4 Bg7 7. O-O O-O 8.
Bb3 Bg4 9. f3 Bd7 10. Be3 Nc6 11. Qd2 Rc8 12. Rfd1 Re8 13. Nxc6 Rxc6 14. Nb5 a6
15. Nd4 Rc8 16. a4 Qc7 17. Rac1 Rf8 18. c4 Be8 19. Ne2 Bc6 20. Nc3 Nd7 21. Bc2
a5 22. b3 Rfd8 23. Bd4 Bxd4+ 24. Qxd4 Qb6 25. Qxb6 Nxb6 26. Kf2 Kf8 27. Rd2 e5
28. Nd1 Ke7 29. Ne3 Nd7 30. g4 Nc5 31. h4 Ne6 32. Rh1 Nd4 33. h5 Ne6 34. hxg6
hxg6 35. Kg3 Rh8 36. Rdh2 Rxh2 37. Rxh2 Rd8 38. Bd1 Kf8 39. Bc2 Kg7 40. Ng2 Rh8
41. Rxh8 Kxh8 42. Ne3 Kg7 43. Nd1 Kf6 44. Nf2 Ke7 45. Nd3 Kd7 46. Kf2 Kc7 47.
Ke3 Kb6 48. Kd2 Be8 49. Bd1 Bc6 50. Bc2 Be8 1/2-1/2

[Event "Kreuzberg Open 2008"]
[Site "Berlin-Kreuzberg"]
[Date "2008.07.25"]
[Round "7.9"]
[White "Krausser, Helmut"]
[Black "Albrecht, Rainer"]
[Result "0-1"]
[WhiteElo "2122"]
[BlackElo "2184"]
[PlyCount "74"]
[EventDate "2008.??.??"]
[WhiteTeam "SC Unterpfaffenhofen"]
[BlackTeam "SC Kreuzberg e.V."]

1. e4 e6 2. Nf3 d5 3. Nc3 Nf6 4. d3 c5 5. Bg5 Be7 6. g3 Nc6 7. Bg2 O-O 8. O-O
a6 9. Nd2 d4 10. Ne2 Ne8 11. Bxe7 Qxe7 12. f4 f6 13. g4 Bd7 14. Ng3 Rb8 15. Nf3
g5 16. fxg5 fxg5 17. Qd2 h6 18. Nh5 Ng7 19. Ng3 Qd6 20. Rae1 Ne5 21. Nxg5 hxg5
22. Qxg5 Nf7 23. Qh4 Ne5 24. Nf5 exf5 25. exf5 Bc6 26. f6 Bxg2 27. Kxg2 Rf7 28.
g5 Re8 29. Qh6 Ng4 30. Qxg7+ Rxg7 31. Rxe8+ Kh7 32. fxg7 Kxg7 33. Rff8 Qxh2+
34. Kf3 Ne5+ 35. Ke4 Ng6 36. Rg8+ Kf7 37. Kd5 Ne7+ 0-1

[Event "Kreuzberg Open 2008"]
[Site "Berlin-Kreuzberg"]
[Date "2008.07.25"]
[Round "7.10"]
[White "Jaeger, Andre"]
[Black "Bukowski, Henryk"]
[Result "0-1"]
[WhiteElo "2019"]
[BlackElo "2175"]
[PlyCount "126"]
[EventDate "2008.??.??"]
[WhiteTeam "SC Rochade e.V."]
[BlackTeam "BSC Rehberge 1945 e.V."]

1. d4 Nf6 2. c4 e6 3. Nc3 c5 4. Nf3 cxd4 5. Nxd4 Nc6 6. g3 Qb6 7. Nb3 a6 8. Bg2
h5 9. h4 Be7 10. O-O O-O 11. c5 Qd8 12. Bf4 b6 13. Bxc6 dxc6 14. Qxd8 Bxd8 15.
Bd6 Re8 16. Nd4 Bb7 17. Rfd1 b5 18. b4 Nd5 19. Nxd5 exd5 20. e3 Bf6 21. a4 g6
22. a5 Re4 23. Ra3 Rae8 24. Rad3 Kg7 25. Bf4 Bxd4 26. Rxd4 Bc8 27. f3 Rxd4 28.
Rxd4 Bf5 29. Kf2 f6 30. Rd2 Kf7 31. Rd4 Be6 32. Ke2 Rg8 33. Kf2 g5 34. Bd6 g4
35. f4 Bf5 36. Ke2 Re8 37. Kd2 Kg6 38. Bc7 Be4 39. Bd6 Kf5 40. Ke2 Bc2 41. Kd2
Bb3 42. Bc7 Bc4 43. Bd6 Re4 44. Bc7 Rxd4+ 45. exd4 Ke4 46. f5 Kxd4 47. Bd8 Ke4
48. Kc3 d4+ 49. Kd2 Kxf5 50. Bc7 Ke4 51. Bd8 f5 52. Bc7 Bf1 53. Bf4 Bg2 54. Kc2
Bf3 55. Kd2 Kd5 56. Kd3 Be4+ 57. Ke2 Kc4 58. Bd2 f4 59. gxf4 g3 60. Be1 g2 61.
Kf2 Kd3 62. f5 Bxf5 63. Kxg2 Ke2 0-1

[Event "Kreuzberg Open 2008"]
[Site "Berlin-Kreuzberg"]
[Date "2008.07.25"]
[Round "7.11"]
[White "Welz, Peter"]
[Black "Ehlers, Michael"]
[Result "1-0"]
[WhiteElo "2169"]
[BlackElo "1988"]
[PlyCount "59"]
[EventDate "2008.??.??"]
[WhiteTeam "SV Empor Berlin e.V."]
[BlackTeam "SSC Rostock 07"]

1. e4 c5 2. Nc3 Nc6 3. g3 Nf6 4. Bg2 e6 5. f4 d5 6. e5 Nd7 7. d3 a6 8. Nf3 Be7
9. O-O b5 10. Bd2 Bb7 11. Qe2 Qb6 12. Kh1 h5 13. h3 Bd8 14. f5 Bc7 15. fxe6
fxe6 16. Bg5 Bd8 17. Rae1 Nd4 18. Nxd4 Bxg5 19. Nf5 exf5 20. e6 Nf6 21. Rxf5 d4
22. Rxg5 dxc3 23. Rxg7 Nd5 24. Rg8+ Ke7 25. Rg7+ Ke8 26. Qf3 Rf8 27. Rg8 Ke7
28. Rg7+ Ke8 29. Qxh5+ Kd8 30. Bxd5 1-0

[Event "Kreuzberg Open 2008"]
[Site "Berlin-Kreuzberg"]
[Date "2008.07.27"]
[Round "8.1"]
[White "Kalinitschew, Sergey"]
[Black "Jahnz, Fabian"]
[Result "1-0"]
[WhiteElo "2456"]
[BlackElo "2139"]
[PlyCount "91"]
[EventDate "2008.??.??"]
[WhiteTeam "SC Kreuzberg e.V."]
[BlackTeam "SK König Tegel 1949 e.V."]

1. d4 d5 2. c4 e6 3. Nc3 Nf6 4. cxd5 exd5 5. Bg5 c6 6. e3 Qb6 7. Qd2 Ne4 8.
Nxe4 dxe4 9. a3 Be6 10. Ne2 h6 11. Bh4 Bd6 12. Nc3 f5 13. f3 exf3 14. gxf3 Nd7
15. e4 g5 16. Bg3 Qc7 17. Bxd6 Qxd6 18. O-O-O O-O-O 19. Kb1 Kb8 20. h4 fxe4 21.
fxe4 Bb3 22. Rc1 Nb6 23. hxg5 hxg5 24. Rxh8 Rxh8 25. e5 Qe7 26. Ne4 g4 27. Qf4
Be6 28. Bg2 Nd5 29. Qg3 Bf5 30. Ka2 Bxe4 31. Bxe4 Qg5 32. Rg1 Ne3 33. e6+ Ka8
34. Qc7 Nd5 35. Qd6 Rd8 36. Rxg4 Qf6 37. Qe5 Qxe5 38. dxe5 Re8 39. Bxd5 cxd5
40. Kb3 Kb8 41. Rg6 Re7 42. Kc3 Kc7 43. Kd4 Kc6 44. b4 a6 45. a4 b5 46. a5 1-0

[Event "Kreuzberg Open 2008"]
[Site "Berlin-Kreuzberg"]
[Date "2008.07.27"]
[Round "8.3"]
[White "Bartolomäus, Christian"]
[Black "Kiesekamp, Marcos"]
[Result "1/2-1/2"]
[WhiteElo "2221"]
[BlackElo "2316"]
[PlyCount "105"]
[EventDate "2008.??.??"]
[WhiteTeam "Greifswalder SV"]
[BlackTeam "TuS Makkabi Berlin e.V."]

1. e4 e5 2. Nf3 Nc6 3. Nc3 Nf6 4. Bb5 Bd6 5. d3 h6 6. Be3 a6 7. Ba4 b5 8. Bb3
Na5 9. Qe2 Nxb3 10. axb3 Bb7 11. h3 Qe7 12. g3 Bb4 13. O-O O-O 14. Na2 Bc5 15.
Nh4 {(=)} Bxe3 16. fxe3 g6 17. Rf2 Nh7 18. Raf1 Ng5 19. Kh2 d5 20. exd5 Bxd5
21. e4 Be6 22. g4 h5 23. Nf5 Qd8 24. Rg1 Kh8 25. Qe3 Nh7 26. Qh6 Rg8 27. Rfg2
Qf6 28. Ne3 h4 29. Rf1 Qg5 30. Qxg5 Nxg5 31. Rgf2 Kg7 32. Nb4 Rgf8 33. Ra1 f6
34. Rxa6 c5 35. Rxa8 Rxa8 36. Nbd5 Bxd5 37. Nxd5 Ra2 38. Nxf6 Rxb2 39. Nd7 Rb1
40. Nxe5 Re1 41. Kg2 Re3 42. Nf3 Nxf3 43. Rxf3 Re2+ 44. Rf2 Re3 45. Rf3 Re2+
46. Kf1 Rxc2 47. e5 c4 48. dxc4 bxc4 49. bxc4 Rxc4 50. Ke2 Re4+ 51. Re3 Ra4 52.
Kf3 Kf7 53. Re4 {(=)} 1/2-1/2